| 000 | 00698pam a2200217 a 4500 | ||
|---|---|---|---|
| 003 | OSt | ||
| 005 | 20220915084813.0 | ||
| 008 | 870630s1988 moua b 001 0 eng c | ||
| 020 | _a0801611385 (soft) | ||
| 040 |
_aBSU _cBSU _dBSU _beng _erda |
||
| 082 | 0 | 0 |
_a616.1207547 _222 _b1 |
| 100 | 1 |
_aConover, Mary Boudreau, _d1931- _922806 |
|
| 245 | 1 | 0 |
_aUnderstanding electrocardiography : _barrhythmias and the 12-lead ECG / _cMary Boudreau Conover. |
| 250 | _a5th ed. | ||
| 260 |
_aSt. Louis : _bMosby, _c1988. |
||
| 300 |
_axviii, 461 p. : _bill. ; _c26 cm. |
||
| 504 | _aIncludes bibliographies and index. | ||
| 650 | 0 | _aElectrocardiography. | |
| 650 | 2 |
_aElectrocardiography. _922807 |
|
| 942 |
_2ddc _cBK |
||
| 999 |
_c12073 _d12073 |
||